Exchange rate economics (Record no. 62923)

MARC details
000 -LEADER
fixed length control field 00767nam a2200181 a 4500
008 - FIXED-LENGTH DATA ELEMENTS--GENERAL INFORMATION
fixed length control field 120416s1995 ||||||||||||||||| || u
020 ## - INTERNATIONAL STANDARD BOOK NUMBER
International Standard Book Number 0521466008
050 ## - LIBRARY OF CONGRESS CALL NUMBER
Classification number HG 3851 Isa
100 ## - MAIN ENTRY--PERSONAL NAME
Personal name Isard, Peter
245 10 - TITLE STATEMENT
Title Exchange rate economics
260 ## - PUBLICATION, DISTRIBUTION, ETC.
Place of publication, distribution, etc. New York:
Name of publisher, distributor, etc. Cambridge University Press
Date of publication, distribution, etc. 1995
300 ## - PHYSICAL DESCRIPTION
Extent xv, 275p. : ill.
350 ## -
-- 0.00
650 ## - SUBJECT ADDED ENTRY--TOPICAL TERM
Topical term or geographic name entry element FOREIGN EXCHANGE RATES
650 #0 - SUBJECT ADDED ENTRY--TOPICAL TERM
Topical term or geographic name entry element FOREIGN EXCHANGE RATES--ECONOMIC MODELS
995 ## -
-- MAIN LIBRARY OPEN ACCESS
-- 0.00
-- 728090
-- CBU-MAIN LIBRARY (Kitwe)
-- 2
-- 42.50
-- HG 3851 Isa
-- 1
-- AVAILABLE
-- 025991
-- Main Library Open Access Collection
995 ## -
-- MAIN LIBRARY OPEN ACCESS
-- 0.00
-- 728089
-- CBU-MAIN LIBRARY (Kitwe)
-- 1
-- 42.50
-- HG 3851 Isa
-- 2
-- AVAILABLE
-- 026504
-- Main Library Open Access Collection
999 ## -
-- 62923
-- 62923
Holdings
Withdrawn status Lost status Source of classification or shelving scheme Damaged status Not for loan Permanent Location Current Location Shelving location Date acquired Total Checkouts Full call number Barcode Date last seen Price effective from Koha item type
          CBU-MAIN LIBRARY, KITWE. CBU-MAIN LIBRARY, KITWE.   12/16/2022   HG 3851 Isa 025991 12/16/2022 12/16/2022 MONOGRAPH
          CBU-MAIN LIBRARY, KITWE. CBU-MAIN LIBRARY, KITWE.   12/16/2022   HG 3851 Isa 026504 12/16/2022 12/16/2022 MONOGRAPH